Villes ayant accueilli une finale de coupe du monde - Statistiques

Statistiques générales
  • Ce quiz a été pris 140 fois
    84 depuis la dernière actualisation
  • Le résultat moyen est 16 sur 21
Statistiques - réponses
Année Ville % Correct
2018 Moscou
97%
2006 Berlin
95%
2014 Rio de Janeiro
95%
1982 Madrid
88%
1934 Rome
88%
1990 Rome
88%
2010 Johannesburg
87%
1966 Londres
86%
2022 Doha
84%
1930 Montevideo
84%
1978 Buenos Aires
83%
1998 Saint-Denis
83%
1994 Pasadena
82%
1970 Mexico
76%
1986 Mexico
76%
1958 Solna
61%
1974 Munich
58%
1954 Berne
54%
1962 Santiago
45%
2002 Yokohama
24%
1938 Colombes
21%
Aucun quiz correspondant
Distribution des résultats
% des personnes avec chaque résultat
Percentile par nombre de réponses
Votre historique - résultats
Vous n’avez pas pris ce quiz depuis la dernière actualisation